|
|
|
|
| LEADER |
00000nbm0a2200000 4500 |
| 001 |
151013 |
| 005 |
20231031150344.0 |
| 029 |
0 |
0 |
|a SU
|b 01910007623
|f ТПУ
|
| 035 |
|
|
|a (RuTPU)RU\TPU\book\163743
|
| 090 |
|
|
|a 151013
|
| 100 |
|
|
|a 20090116d1991 k y0rusy50 ca
|
| 101 |
0 |
|
|a rus
|
| 102 |
|
|
|a RU
|
| 105 |
|
|
|a a p 001zy
|
| 200 |
1 |
|
|a Изыскание путей создания манипуляционных систем с безредукторным электроприводом с непосредственным управлением
|e Заключительный отчет о НИР
|e Тема: г/б ДНТС
|f Томский политехнический университет (ТПУ) ; руководитель Ю. М. Осипов ; Б. В. Гришин
|
| 210 |
|
|
|a Томск
|d 1991
|
| 215 |
|
|
|a 42 л.
|
| 320 |
|
|
|a Библиогр.: с. 40-42.
|
| 610 |
1 |
|
|a отчеты о НИР
|
| 610 |
1 |
|
|a безредукторные электроприводы
|
| 610 |
1 |
|
|a прямые электроприводы
|
| 610 |
1 |
|
|a уравновешенные электроприводы
|
| 610 |
1 |
|
|a силомоментное управление
|
| 610 |
1 |
|
|a манипуляционные системы
|
| 610 |
1 |
|
|a безредукторные электроприводы
|
| 675 |
|
|
|a 621.865.8-8(04)
|v 3
|
| 702 |
|
1 |
|a Осипов
|b Ю. М.
|4 673
|
| 702 |
|
1 |
|a Гришин
|b Б. В.
|4 677
|
| 712 |
0 |
2 |
|a Томский политехнический университет (ТПУ)
|c (1991- )
|2 stltpush
|3 (RuTPU)RU\TPU\col\376
|4 595
|
| 801 |
|
1 |
|a RU
|b 63413507
|c 20090116
|g PSBO
|
| 801 |
|
2 |
|a RU
|b 63413507
|c 20090116
|g PSBO
|
| 942 |
|
|
|c BK
|